000 00697nam a2200253Ia 4500
003 OSt
005 20220918212022.0
006 a|||||r|||| 00| 0
007 ta
008 220917b |||||||| |||| 00| 0 eng d
024 _a126,749
037 _cTextual
040 _aARTS
_cARTS
_beng
041 _2eng
_aeng
082 _aW:5, M4
100 _aBean George
_9122099
245 0 _aPolitical action
_b The key to understanding politics
260 _aAthens
_bOhio Swallow Press
_c1984
300 _axiii, 251p.
_ccm.
650 _aPOLITICAL SCIENCE
700 _a Simpson Dick
_9121359
942 _hW:5, M4
_cTEXL
_2CC
999 _c249891
_d249891